00926nam a2200265 a 450000100060000000300080000600500170001400800410003103500190007204000270009104100080011808200260012610000260015224500580017826000390023630000290027549000380030465000180034270000640036083000470042494200120047194600060048399900170048995201540050673607BD-RjUL20211209082422.0170604s1955 enka 000 0 eng  a(BD-RjUL)73825 aDLCcWITdBD-RjULbeng aeng a621.384223bPAR 19551 aPawsey, J. L.921783210aRadio astronomy /cby J.L. Pawsey and R.N. Bracewell. aOxford :bClarendon Press,cc1955. a361 p. :bill. ;c25 cm.1 aInternational monographs on radio 0aRadio92178331 aBracewell, Ronald N.q(Ronald Newbold),d1921-2007.9217834 0aInternational monographs on radio.9217837 2ddccBK at c73607d73607 00102ddc40718NFICaRUCLbRUCLcReadingd1957-11-15eOxford University Pressg44.22l0o621.384 PAR 1955r2017-06-04 00:00:00tC-1w2017-06-04yBK